000 004410000a22001810004500
003 MACL
005 20150725165527.0
008 150725b xxu||||| |||| 00| 0 eng d
040 _aMACL
_cMACL
041 _aEnglish
082 _a330/BAG
100 _aBagchi J. K.
_92428
245 _aRegional Integration
260 _bMittal publication
_c2008
_aNew Delhi
350 _a350.00
650 _aEconomics
_92429
942 _cBK
_k330/BAG
_2ddc
999 _c42095
_d42095